LEADER 03947nam 2200553 a 450 001 9910484211903321 005 20200520144314.0 024 7 $a10.1007/b137241 035 $a(CKB)1000000000213059 035 $a(SSID)ssj0000318982 035 $a(PQKBManifestationID)11245307 035 $a(PQKBTitleCode)TC0000318982 035 $a(PQKBWorkID)10311094 035 $a(PQKB)10949121 035 $a(DE-He213)978-3-540-32037-1 035 $a(MiAaPQ)EBC3067742 035 $a(PPN)123095530 035 $a(EXLCZ)991000000000213059 100 $a20050517d2005 uy 0 101 0 $aeng 135 $aurnn#008mamaa 181 $ctxt 182 $cc 183 $acr 200 00$aModel-based testing of reactive systems $eadvanced lectures /$fManfred Broy ... [et al.] (eds.) 205 $a1st ed. 2005. 210 $aBerlin ;$aNew York $cSpringer$dc2005 215 $a1 online resource (VIII, 664 p.) 225 1 $aLecture notes in computer science,$x0302-9743 ;$v3472 300 $aBibliographic Level Mode of Issuance: Monograph 311 $a3-540-32037-7 311 $a3-540-26278-4 320 $aIncludes bibliographical references (p. [617]-651) and index. 327 $aTesting of Finite State Machines -- I. Testing of Finite State Machines -- 1 Homing and Synchronizing Sequences -- 2 State Identification -- 3 State Verification -- 4 Conformance Testing -- II. Testing of Labeled Transition Systems -- Testing of Labeled Transition Systems -- 5 Preorder Relations -- 6 Test Generation Algorithms Based on Preorder Relations -- 7 I/O-automata Based Testing -- 8 Test Derivation from Timed Automata -- 9 Testing Theory for Probabilistic Systems -- III. Model-Based Test Case Generation -- Model-Based Test Case Generation -- 10 Methodological Issues in Model-Based Testing -- 11 Evaluating Coverage Based Testing -- 12 Technology of Test-Case Generation -- 13 Real-Time and Hybrid Systems Testing -- IV. Tools and Case Studies -- Tools and Case Studies -- 14 Tools for Test Case Generation -- 15 Case Studies -- V. Standardized Test Notation and Execution Architecture -- Standardized Test Notation and Execution Architecture -- 16 TTCN-3 -- 17 UML 2.0 Testing Profile -- VI. Beyond Testing -- Beyond Testing -- 18 Run-Time Verification -- 19 Model Checking -- VII. Appendices -- Appendices -- 20 Model-Based Testing ? A Glossary -- 21 Finite State Machines -- 22 Labelled Transition Systems. 330 $aTesting is the primary hardware and software verification technique used by industry today. Usually, it is ad hoc, error prone, and very expensive. In recent years, however, many attempts have been made to develop more sophisticated formal testing methods. This coherent book provides an in-depth assessment of this emerging field, focusing on formal testing of reactive systems. This book is based on a seminar held in Dagstuhl Castle, Germany, in January 2004. It presents 19 carefully reviewed and revised lectures given at the seminar in a well-balanced way ensuring competent complementary coverage of all relevant aspects. An appendix provides a glossary for model-based testing and basics on finite state machines and on labelled transition systems. The lectures are presented in topical sections on testing of finite state machines, testing of labelled transition systems, model-based test case generation, tools and case studies, standardized test notation and execution architectures, and beyond testing. 410 0$aLecture notes in computer science ;$v3472. 606 $aComputer software$xTesting 606 $aInformation technology 615 0$aComputer software$xTesting. 615 0$aInformation technology. 676 $a005.1/4 701 $aBroy$b M.$f1949-$01681196 801 0$bMiAaPQ 801 1$bMiAaPQ 801 2$bMiAaPQ 906 $aBOOK 912 $a9910484211903321 996 $aModel-based testing of reactive systems$94201283 997 $aUNINA